书目信息 |
| 题名: |
时间序列与多元统计分析
|
|
| 作者: | 孙祝岭 编 | |
| 分册: | ||
| 出版信息: | 上海 上海交通大学出版社 2016.9 |
|
| 页数: | 238页 | |
| 开本: | 23cm | |
| 丛书名: | ||
| 单 册: | ||
| 中图分类: | O211.61 , O212.4 | |
| 科图分类: | ||
| 主题词: | 时间序列分析 , 多元分析--统计分析 | |
| 电子资源: | ||
| ISBN: | 978-7-313-15658-7 | |
| 000 | 01058nam0 2200265 450 | |
| 001 | 0400001652 | |
| 005 | 20171019094351.0 | |
| 010 | @a978-7-313-15658-7@dCNY38.00 | |
| 100 | @a20161107d2016 em y0chiy50 ea | |
| 101 | 0 | @achi |
| 102 | @aCN@b310000 | |
| 105 | @ay z 000yy | |
| 106 | @ar | |
| 200 | 1 | @a时间序列与多元统计分析@9shi jian xu lie yu duo yuan tong ji fen xi@dTime series and multivariate statistical analysis@zeng@f孙祝岭编 |
| 210 | @a上海@c上海交通大学出版社@d2016.9 | |
| 215 | @a238页@d23cm | |
| 330 | @a本书讲述了时间序列的基本理论和方法,包括时间序列的模型识别、建模和预报方法。介绍了多远统计分析的基础,重点介绍了五大模块:聚类分析、判别分析、主成分分析、因子分析和典型相关分析,并介绍了统计软件SPSS在时间序列和多元统计分析中的应用方法。 | |
| 510 | 1 | @aTime series and multivariate statistical analysis@zeng |
| 606 | 0 | @a时间序列分析 |
| 606 | 0 | @a多元分析@x统计分析 |
| 690 | @aO211.61@v5 | |
| 690 | @aO212.4@v5 | |
| 701 | 0 | @a孙祝岭@9sun zhu ling@4编 |
| 801 | 0 | @aCN@b91MARC@c20171019 |
| 905 | @b1030111-5@dO211.61@f5@e379 | |
| 时间序列与多元统计分析=Time series and multivariate statistical analysis/孙祝岭编.-上海:上海交通大学出版社,2016.9 |
| 238页;23cm |
| ISBN 978-7-313-15658-7:CNY38.00 |
| 本书讲述了时间序列的基本理论和方法,包括时间序列的模型识别、建模和预报方法。介绍了多远统计分析的基础,重点介绍了五大模块:聚类分析、判别分析、主成分分析、因子分析和典型相关分析,并介绍了统计软件SPSS在时间序列和多元统计分析中的应用方法。 |
| ● |
| 相关链接 |
|
|
|
|
正题名:时间序列与多元统计分析
索取号:O211.61/379
 
预约/预借
| 序号 | 登录号 | 条形码 | 馆藏地/架位号 | 状态 | 备注 |
| 1 | 1030111 | 210301118 | 第二样本阅览室/ [索取号:O211.61/379] | 在馆 | |
| 2 | 1030112 | 210301127 | 密集书库-数信学院/ [索取号:O211.61/379] | 在馆 | |
| 3 | 1030113 | 210301136 | 第三借阅区/ [索取号:O211.61/379] | 在馆 | |
| 4 | 1030114 | 210301145 | 第三借阅区/ [索取号:O211.61/379] | 在馆 | |
| 5 | 1030115 | 210301154 | 第三借阅区/ [索取号:O211.61/379] | 在馆 |